000 00385nam a2200109Ia 4500
008 160909s9999 xx 000 0 und d
100 _aCoombs-Ephraim, Nelda
245 _aPerceptions of mentoring effectiveness in nursing education: A correlational study
260 _bCapella University
_c2016
650 _aNursing
856 _uhttp://pqdtopen.proquest.com/doc/1807375545.html?FMT=ABS
999 _c303865
_d303865